Chemical engineering plant design (Record no. 18678)

000 -LEADER
fixed length control field 00563nam a22002051 4500
001 - CONTROL NUMBER
control field 18678
003 - CONTROL NUMBER IDENTIFIER
control field BD-DhUET
008 - FIXED-LENGTH DATA ELEMENTS--GENERAL INFORMATION
fixed length control field 840411s1959 nyua 000 0 eng
040 ## - CATALOGING SOURCE
Original cataloging agency DLC/ICU
Transcribing agency ICU
Modifying agency BD-DhUET
082 00 - DEWEY DECIMAL CLASSIFICATION NUMBER
Classification number 660.28
Item number VIL/1959
100 1# - MAIN ENTRY--PERSONAL NAME
Personal name Vilbrandt, Frank C.
245 10 - TITLE STATEMENT
Title Chemical engineering plant design
250 ## - EDITION STATEMENT
Edition statement 4th ed.
260 ## - PUBLICATION, DISTRIBUTION, ETC. (IMPRINT)
Place of publication, distribution, etc. New York
Name of publisher, distributor, etc. McGraw-Hill
Date of publication, distribution, etc. 1959
300 ## - PHYSICAL DESCRIPTION
Extent 534 p.
Other physical details illus.
Dimensions 24 cm.
490 0# - SERIES STATEMENT
Series statement McGraw-Hill series in chemical engineering
650 #0 - SUBJECT ADDED ENTRY--TOPICAL TERM
Topical term or geographic name as entry element Chemical engineering
700 ## - ADDED ENTRY--PERSONAL NAME
Personal name Dryden, Charles E.
942 ## - ADDED ENTRY ELEMENTS (KOHA)
Koha item type General Book
Holdings
Lost status Koha item type Sublocation or collection (holding branch) Copy number Damaged status Piece designation (barcode) Source of classification or shelving scheme Not for loan Koha date last seen Koha full call number Koha normalized classification for sorting Date acquired Withdrawn status Location (home branch) Price effective from Shelving location
 General BookCentral Library, BUET1 16370  2015-03-31660.28/VIL/1959660_280000000000000_VIL_19592015-03-31 Central Library, BUET2015-03-31Circulation section
 General BookCentral Library, BUET2 24467  2015-03-31660.28/VIL/1959660_280000000000000_VIL_19592015-03-31 Central Library, BUET2015-03-31Circulation section
 Contented Book Central Library, BUET3 24468  2015-03-31660.28/VIL/1959660_280000000000000_VIL_19592015-03-31 Central Library, BUET2015-03-31Circulation section
 General BookCentral Library, BUET4 16369  2015-03-31660.28/VIL/1959660_280000000000000_VIL_19592015-03-31 Central Library, BUET2015-03-31Circulation section
 General BookCentral Library, BUET5 1060  2015-05-14660.28/VIL/1959660_280000000000000_VIL_19592015-05-14 Central Library, BUET2015-05-14Circulation section
 General BookCentral Library, BUET6 11229  2015-05-14660.28/VIL/1959660_280000000000000_VIL_19592015-05-14 Central Library, BUET2015-05-14Circulation section
 Reading ItemCentral Library, BUET7 11231  2015-06-18660.28/VIL/1959660_280000000000000_VIL_19592015-06-18 Central Library, BUET2015-06-18Reading section